000 00558nam a22001937a 4500
005 20250715121931.0
010 _aENG-145979
020 _a9788197538476
_c500.00
035 _aEN-129511
037 _bDBAD
082 _a51.712
_21
100 _aRao, N.M
_982992
245 _aMathematics Projects/
_cN.M Rao
250 _a1
260 _aNew Delhi
_bNeelkamal Publications
_c2024
270 _a4764/1, 23, Ansari Road, Daryaganj,
_bNew Delhi
_e110002
_k011-23244237
300 _aviii, 96p.
_c24cm(hb)
942 _2ddc
_cEN
_h510.712
_mRAO
999 _c212373
_d212373